000 00874cam a2200301 i 4500
001 000034611
003 DO-SdBNP
005 20231010103840.0
007 ta
008 931025s2007 sp a b 001 0 spa d
020 _a9788497644709
040 _aDO-SdBNP
_bspa
_cBNPHU
_erda
049 _aBNGR
082 4 _bQ5s
_222
100 1 _aQuevedo, Francisco de,
_d1580-1645
_96261
_eautor
245 1 4 _aLos sueños /
_cFrancisco de Quevedo.
264 _aMadrid :
_bEdimat Libros,
_c2007.
300 _a176 páginas;
_c20 cm.
336 _2rdacontent
_atexto
_btxt
337 _2rdamedia
_asin mediación
_bn
338 _2rdacarrier
_avolumen
_bnc
490 _aClásico de la literatura.
_aNarrativa
590 _aInventariado, 2023/BT
650 4 _aNovela española
_91123
650 4 _aLiteratura española
_ySiglo XVI
_98688
910 _aBtavárez
942 _2ddc
_cLBS1
999 _c34102
_d34102